|
|
|
|
| LEADER |
00899nam a2200277 4500 |
| 001 |
000014958 |
| 003 |
11328 |
| 005 |
20120517090501.0 |
| 008 |
120517s1998 viesd |
| 020 |
|
|
|c 13800
|
| 041 |
0 |
|
|a vie
|
| 082 |
|
|
|a 306.43
|b HO-M
|
| 100 |
0 |
|
|a Hoàng Như Mai
|
| 245 |
|
0 |
|a Hồi ức và suy nghĩ về văn hóa, giáo dục
|c Hoàng Như Mai
|
| 260 |
|
|
|a H.
|b Giaó dục
|c 1998
|
| 300 |
|
|
|a 282 tr.
|b hình ảnh
|c 21 cm
|
| OWN |
|
|
|a LSP
|
| AVA |
|
|
|a UDN50
|b LSP
|d 306.43 HO-M
|e available
|t Error 5001 Not defined in file expand_doc_bib_avail.
|f 2
|g 0
|h N
|i 0
|k 1
|
| 999 |
|
|
|a From the UDN01
|
| AVA |
|
|
|a UDN50
|b LSP
|d 306.43 HO-M
|e available
|t Error 5001 Not defined in file expand_doc_bib_avail.
|f 2
|g 0
|h N
|i 0
|k 1
|
| TYP |
|
|
|a Monograph
|
| TYP |
|
|
|a Printed language
|
| 980 |
|
|
|a Mạng thư viện Đại học Đà Nẵng
|